Diplomatari de la cartoixa de Montalegre : segles X-XII / estudi i edició a cura de Xavier Pérez i Gómez segles X-XII / estudi i edició a cura de Xavier Pérez i Gómez
ISBN:
84-7935-449-6
Descripción Física:
263 p. ; 24 cm
Colección:
Diplomataris ; 14
MARC
| LEADER | 00000nam a2200000Ia 4500 | ||
|---|---|---|---|
| 001 | 11972 | ||
| 008 | 160829s1998 xx 000 0 cat d | ||
| 020 | |a 84-7935-449-6 | ||
| 080 | |a A-1-128 | ||
| 245 | |a Diplomatari de la cartoixa de Montalegre : |b segles X-XII / estudi i edició a cura de Xavier Pérez i Gómez | ||
| 260 | |a Barcelona : |b Fundació Noguera ; Lleida : |b Pagès, |c 1998 | ||
| 300 | |a 263 p. ; |c 24 cm | ||
| 490 | |a Diplomataris ; 14 | ||
| 590 | |a Text en llatí i català, introducció en català. | ||
| 590 | |a Índex | ||
| 650 | |a Cartoixa de Santa Maria de Montalegre |x Història |x S. X/XII |x Fonts |9 35635 | ||
| 700 | |a Pérez i Gómez, Xavier, ed. |9 35636 | ||
| 700 | |a Fundació Noguera |9 70407 | ||
| 901 | |a Arxiu | ||
| 942 | |n 1 | ||
| 952 | |0 0 |1 0 |4 0 |6 A1128 |7 1 |9 47004 |a Arxiu |b Arxiu |d 2016-12-01 |l 0 |o A-1-128 |p 11972 |r 2016-12-01 00:00:00 |w 2016-12-01 |y ARXIU | ||
| 999 | |c 50797 |d 50797 | ||